About love and other stories / (Record no. 185295)
[ view plain ]
| 000 -LEADER | |
|---|---|
| fixed length control field | 01498 a2200265 4500 |
| 003 - CONTROL NUMBER IDENTIFIER | |
| control field | Nust |
| 005 - DATE AND TIME OF LATEST TRANSACTION | |
| control field | 20170207153409.0 |
| 010 ## - LIBRARY OF CONGRESS CONTROL NUMBER | |
| LC control number | 2004041560 |
| 020 ## - INTERNATIONAL STANDARD BOOK NUMBER | |
| International Standard Book Number | 0192802607 (pbk.) |
| 040 ## - CATALOGING SOURCE | |
| Transcribing agency | Nust |
| 082 00 - DEWEY DECIMAL CLASSIFICATION NUMBER | |
| Classification number | 808.83 |
| 100 1# - MAIN ENTRY--PERSONAL NAME | |
| Personal name | Chekhov, Anton Pavlovich, |
| 245 10 - TITLE STATEMENT | |
| Title | About love and other stories / |
| Statement of responsibility, etc. | Anton Chekhov ; translated with an introduction and notes by Rosamund Bartlett. |
| 260 ## - PUBLICATION, DISTRIBUTION, ETC. | |
| Place of publication, distribution, etc. | Oxford [England] ; |
| -- | New York : |
| Name of publisher, distributor, etc. | Oxford University Press, |
| Date of publication, distribution, etc. | 2004. |
| 300 ## - PHYSICAL DESCRIPTION | |
| Extent | xxxiv, 211 p. ; |
| Dimensions | 20 cm. |
| 490 1# - SERIES STATEMENT | |
| Series statement | Oxford world's classics |
| 505 ## - FORMATTED CONTENTS NOTE | |
| Formatted contents note | The Huntsman (Page-3) On The Road (Page-8) The Letter (Page-24) Fortune (Page-35) Gusev (Page-45) Fish Love (Page-58) The Black Monk (Page-61) Rothchild’s Violin (Page-93) The Student (Page-103) The House With The Mezzanine (Page-107) In The Cart (Page-125) The Man In A Case (Page-134) Goose Berries (Page-147) About Love (Page-158) The Lady With The Little Dog (Page-167) At Christmas Time (Page-184) The Bishop (Page-189) |
| 538 ## - SYSTEM DETAILS NOTE | |
| System details note | Almirah No.57 Shelf No.5 |
| 600 10 - SUBJECT ADDED ENTRY--PERSONAL NAME | |
| Personal name | Chekhov, Anton Pavlovich, |
| Dates associated with a name | 1860-1904 |
| 700 1# - ADDED ENTRY--PERSONAL NAME | |
| Personal name | Bartlett, Rosamund. |
| 830 #0 - SERIES ADDED ENTRY--UNIFORM TITLE | |
| Uniform title | Oxford world's classics (Oxford University Press) |
| 856 42 - ELECTRONIC LOCATION AND ACCESS | |
| Materials specified | Contributor biographical information |
| Uniform Resource Identifier | <a href="http://www.loc.gov/catdir/enhancements/fy0723/2004041560-b.html">http://www.loc.gov/catdir/enhancements/fy0723/2004041560-b.html</a> |
| 856 42 - ELECTRONIC LOCATION AND ACCESS | |
| Materials specified | Publisher description |
| Uniform Resource Identifier | <a href="http://www.loc.gov/catdir/enhancements/fy0617/2004041560-d.html">http://www.loc.gov/catdir/enhancements/fy0617/2004041560-d.html</a> |
| 856 42 - ELECTRONIC LOCATION AND ACCESS | |
| Materials specified | Table of contents only |
| Uniform Resource Identifier | <a href="http://www.loc.gov/catdir/enhancements/fy0617/2004041560-t.html">http://www.loc.gov/catdir/enhancements/fy0617/2004041560-t.html</a> |
| 942 ## - ADDED ENTRY ELEMENTS (KOHA) | |
| Source of classification or shelving scheme | |
| Koha item type | Book |
| Withdrawn status | Lost status | Source of classification or shelving scheme | Damaged status | Not for loan | Collection code | Permanent Location | Current Location | Date acquired | Total Checkouts | Full call number | Barcode | Date last seen | Price effective from | Koha item type |
|---|---|---|---|---|---|---|---|---|---|---|---|---|---|---|
| Military College of Signals (MCS) | Military College of Signals (MCS) | 12/12/2016 | 808.83 CHE | MCS30755 | 12/08/2016 | 12/12/2016 | Book |
